000
00268nam a2200109Ia 4500
008
190913s9999||||xx |||||||||||||| ||und||
100
_a
Loney, Koch
245
0
_a
Oracle9i: The Complete Reference
260
_a
india
_b
Microsoft Press
_c
1998
300
_a
716
942
_c
BK
999
_c
8054
_d
8054